Property valuation (Record no. 108776)

MARC details
000 -LEADER
fixed length control field 03261cam a22003135a 4500
001 - CONTROL NUMBER
control field L145377
008 - FIXED-LENGTH DATA ELEMENTS--GENERAL INFORMATION
fixed length control field 090226s2008 xxk f 001 0 eng d
020 ## - INTERNATIONAL STANDARD BOOK NUMBER
International Standard Book Number 9780203961810
035 ## - SYSTEM CONTROL NUMBER
System control number (Sirsi) u145377
041 0# - LANGUAGE CODE
Language code of text/sound track or separate title eng
100 1# - MAIN ENTRY--PERSONAL NAME
Personal name Scarrett, Douglas
245 00 - TITLE STATEMENT
Title Property valuation
Remainder of title the five methods
Medium [electronic resource]
250 ## - EDITION STATEMENT
Edition statement 2nd ed.
260 ## - PUBLICATION, DISTRIBUTION, ETC.
Place of publication, distribution, etc. Oxford
Name of publisher, distributor, etc. Routledge
Date of publication, distribution, etc. 2008
300 ## - PHYSICAL DESCRIPTION
Extent eBook
350 ## - PRICE (NR) (BK AM CF MU VM SE) [OBSOLETE]
Price 29.99
505 2# - FORMATTED CONTENTS NOTE
Formatted contents note List of figures -- List of tables -- Abbreviations -- Setting the scene: post-war development; the growth of property investment; the role of the valuer; the future -- The overall investment market: consumption and savings; the components of a sound investment; the source of investment funds; the range of investment opportunities; fixed interest investments; commercial investments -- The property market: property as an investment; new voluntary code for lease terms; residential property investment; real estate investment trusts (REITs) -- Valuation mathematics: the formulae; contemporary approaches -- The determinants of value: the physical entity; contractual matters, lease terms; interpretation of lease terms; the tenant's 'covenant'; outgoings; yield; service charges; business tenancies; residential tenancies; the planning framework -- The comparative method: the approach to comparison; aspects of value; tenant selection; analysis of transactions; market evidence; application to market sectors; automated valuation
505 2# - FORMATTED CONTENTS NOTE
Formatted contents note The valuation process: the traditional valuation approach; the all-risks yield approach; freehold rack-rented investments; freehold revisionary investments; non-conforming property investments; leasehold interests; contemporary issues; discounted cashflow; competence in valuation -- The residual method, the problem: factors that could affect value; the basic approach; widespread use -- The residual method, the process: value on completion; development costs; land value -- The profits principle: the valuation approach; situations where the principles may be used; limitations; business structures; the use of accounts; the divisible balance; accounting standards; turnover rents -- The profits principle, final accounts: the treatment of assets in the final accounts; performance indicators; numerical examples -- The contractor's test: lack of market evidence; an alternative approach; the test; approach to estimating costs; adjustments to building costs; cost of site; the outcome; judicial guidance -- Application of the contractor's test: examples
520 ## - SUMMARY, ETC.
Summary, etc. This eBook describes traditional valuation while taking account of recent developments. Examines valuation through the approaches of the comparative, investment, residual, profits and contractors' methods, making use of worked examples and additional commentary where appropriate. Of particular use to students and practitioners.
520 ## - SUMMARY, ETC.
Summary, etc. Supersedes first edition (ISBN 0203472977).
521 ## - TARGET AUDIENCE NOTE
Target audience note Advanced
590 ## - LOCAL NOTE (RLIN)
Local note KA
650 24 - SUBJECT ADDED ENTRY--TOPICAL TERM
Topical term or geographic name entry element EBOOK
651 #4 - SUBJECT ADDED ENTRY--GEOGRAPHIC NAME
Geographic name United Kingdom
Chronological subdivision
690 ## - LOCAL SUBJECT ADDED ENTRY--TOPICAL TERM (OCLC, RLIN)
Topical term or geographic name as entry element PROPERTY-PROPERTY APPRAISAL AND VALUATION
856 48 - ELECTRONIC LOCATION AND ACCESS
Uniform Resource Identifier <a href="https://www.vlebooks.com/">https://www.vlebooks.com/</a>
Public note View on VLEbooks. Logins for members only from [email protected]
942 ## - ADDED ENTRY ELEMENTS (KOHA)
Suppress in OPAC 0
Holdings
Withdrawn status Lost status Damaged status Not for loan Home library Current library Shelving location Date acquired Cost, normal purchase price Total Checkouts Full call number Barcode Date last seen Date last checked out Copy number Cost, replacement price Price effective from Koha item type Source of classification or shelving scheme
  Missing from bundle     London London Books 15/10/2008 29.99 13 333.332 SCA 30076345 06/08/2019 03/03/2010 2 29.99 06/08/2019 Book  
  Missing from bundle     London London Books 15/10/2008 29.99 9 333.332 SCA 30076347 06/08/2019 13/01/2010 4 29.99 06/08/2019 Book  
        Virtual Virtual Online 04/02/2010 115.92   EBOOK 145377-7001 06/08/2019   1 115.92 06/08/2019 Book Dewey Decimal Classification